Cardiff City Squad 2024-2025 - Statistics

General Stats
  • This quiz has been taken 57 times
    44 since last reset
  • The average score is 26 of 34
Answer Stats
# Position Nation Player % Correct
4 DF Greece Dimitrios Goutas
91%
10 MF Wales Aaron Ramsey
89%
- Coach Wales Aaron Ramsey
89%
18 MF Australia Alex Robertson
89%
11 MF Ireland Callum O'Dowda
89%
1 GK United States Ethan Horvath
89%
27 MF Wales Rubin Colwill
89%
47 FW Ireland Callum Robinson
86%
5 DF Norway Jesper Daland
86%
8 MF England Joe Ralls
86%
3 MF Greece Manolis Siopis
86%
14 MF Scotland David Turnbull
83%
23 DF Ireland Joel Bagan
83%
- Coach Turkey Erol Bulut
80%
22 FW Denmark Yousef Salech
80%
12 DF England Calum Chambers
77%
20 FW Netherlands Anwar El Ghazi
74%
39 FW Wales Isaak Davies
74%
21 GK England Jak Alnwick
74%
17 DF Nigeria Jamilu Collins
74%
- Coach England Ömer Rıza
74%
38 DF England Perry Ng
74%
2 DF England Will Fish
74%
45 MF Wales Cian Ashford
71%
41 GK Wales Matthew Turner
71%
32 FW England Ollie Tanner
71%
16 FW England Chris Willock
69%
31 FW Croatia Roko Šimić
66%
19 FW Ivory Coast Yakou Méïte
63%
35 MF Zimbabwe Andy Rinomhota
60%
15 MF Norway Sivert Mannsverk
60%
9 FW England Kion Etete
57%
15 FW Ivory Coast Wilfried Kanga
49%
29 MF England Will Alves
46%
No matching quizzes found
Score Distribution
Percent of People with Each Score
Percentile by Number Answered
Your Score History
You have not taken this quiz since the last reset